The Council of Europe Development Bank and Its Role in International Social and Development Aid

Identifikovanie znakov, ktoré odlišujú Rozvojovú banku Rady Európy od ostatných multilaterálnych rozvojových bánk, ako aj jej strategické ciele, a vysvetlenie, akú úlohu táto banka zohráva v medzinárodnej rozvojovej pomoci a ako by mohla byť inšpiráciou pre iné multilaterálne rozvojové banky.

Gespeichert in:
Bibliographische Detailangaben
1. Verfasser: Winkler, Martin, 1975-
Format: Buchkapitel
Sprache:Englisch
Schlagworte:
Tags: Tag hinzufügen
Keine Tags, Fügen Sie das erste Tag hinzu!

MARC

LEADER 00000naa$a2200000$$$4500
001 0312185
005 20260123145043.2
041 0 |a eng 
044 |a SK 
245 1 0 |a The Council of Europe Development Bank and Its Role in International Social and Development Aid  |c Martin Winkler 
520 |a Identifikovanie znakov, ktoré odlišujú Rozvojovú banku Rady Európy od ostatných multilaterálnych rozvojových bánk, ako aj jej strategické ciele, a vysvetlenie, akú úlohu táto banka zohráva v medzinárodnej rozvojovej pomoci a ako by mohla byť inšpiráciou pre iné multilaterálne rozvojové banky. 
610 2 0 |a banky 
610 2 0 |a Rada Európy 
610 2 0 |a rozvoj hospodársky 
610 2 0 |a rozvoj investičný 
610 2 0 |a pomoc sociálna 
100 1 |a Winkler, Martin, 1975-